Govt. of
Madhya Pradesh

Modern Improvements in Fishing Tackle and Fish Hooks (Record no. 38504)

MARC details
000 -LEADER
fixed length control field 004550000a22001690004500
003 - CONTROL NUMBER IDENTIFIER
control field MACL
005 - DATE AND TIME OF LATEST TRANSACTION
control field 20160102132228.0
008 - FIXED-LENGTH DATA ELEMENTS--GENERAL INFORMATION
fixed length control field 160102b xxu||||| |||| 00| 0 eng d
040 ## - CATALOGING SOURCE
Original cataloging agency MACL
Transcribing agency MACL
041 ## - LANGUAGE CODE
Language code of text/sound track or separate title English
082 ## - DEWEY DECIMAL CLASSIFICATION NUMBER
Classification number 799.1/PEN
100 ## - MAIN ENTRY--PERSONAL NAME
Personal name Pennell, H Cholmondeley
9 (RLIN) 27058
245 ## - TITLE STATEMENT
Title Modern Improvements in Fishing Tackle and Fish Hooks
260 ## - PUBLICATION, DISTRIBUTION, ETC. (IMPRINT)
Name of publisher, distributor, etc. Sampson Low
Place of publication, distribution, etc. London
650 ## - SUBJECT ADDED ENTRY--TOPICAL TERM
Topical term or geographic name as entry element Performing Art
9 (RLIN) 7593
942 ## - ADDED ENTRY ELEMENTS (KOHA)
Koha item type Books
Call number prefix 799.1/PEN
Source of classification or shelving scheme
Holdings
Withdrawn status Lost status Source of classification or shelving scheme Damaged status Not for loan Home library Current library Date acquired Total Checkouts Full call number Barcode Date last seen Uniform Resource Identifier Price effective from Koha item type
          MACL MACL 15/04/2015   799.1/PEN CLE003315 29/04/2015 38726 15/04/2015 Books